000 00936nam a2200253 4500
003 OSt
005 20260601171018.0
008 260508b1980\\\\xxu|||||\||||\00|\0\eng\d
040 _aICI
_bspa
_cICI
_erda
050 0 _aNK1510
_bP38 1980
100 1 _aPearce, Peter,
_d 1936-
_eautor
_934296
245 1 _aExperiments in form :
_b a foundation course in three-dimensional design /
_cPeter Pearce and Susan Pearce.
264 _aNew York :
_bVan Nostrand Reinhold Co.,
_c1980.
300 _a146 páginas
_b ilustraciones
336 _2rdacontent
_atexto
337 _2rdamedia
_asin medio
338 _2rdacarrier
_avolumen
500 _aExplora los principios de la estructura y la geometría aplicados al diseño espacial y la creación de formas.
650 _aDiseño tridimensional.
_934297
650 _aForma (Estética).
650 _aGeometría en el diseño.
_934299
700 1 _aPearce, Susan.
_934300
942 _2lcc
_n1
_cB
999 _c20783
_d20783